000 00697nam a2200229Ia 4500
001 5448
003 GE_BSU
008 181216s||||||||xx |||||||||||||| ||und||
040 _cGE_BSU
080 _a510.6(075.8)
100 _aЕршов, Ю.Л.; Е.А.Палютин;
245 _aМатематическая логика
245 _bУчеб. пособ. для студ. математическич спец. вузов
245 _cРед. В.В. Дончеко
250 _a2-е испр. и доп.
260 _aМосква
260 _bНаука
260 _c1987
300 _a336 с. 20 см..
653 _aМатематическая логика
942 _cBK
999 _c38984
_d38984